Fiend Folio enemies - Statistics

General Stats
  • This quiz has been taken 17 times
  • The average score is 129 of 600
Answer Stats
Hint Answer % Correct
Basement Slammer
100%
Catacombs Carrot
80%
Mines Craig
80%
Flooded Caves Drop
80%
Dank Depths Dumptruck
80%
Corpse Fingore
80%
Depths G. Host
80%
Catacombs Grape
80%
Basement Limb
80%
Basement Morsel
80%
Sheol Ms. Dominator
80%
Caves Pale Slim
80%
Dross Peepisser
80%
Sheol Psi Hunter
80%
Mausoleum Shi
80%
Basement Slim
80%
Dark Room Slim Shady
80%
Mausoleum Temptress
80%
Corpse Whale
80%
Cellar Army Skuzz
60%
Corpse Bamboo Cutter
60%
Basement Bowler
60%
Corpse Bub
60%
Womb C Word
60%
Sheol Dominated
60%
Basement Dung
60%
Scarred Womb Facade
60%
Dross Fish
60%
Depths Ghostse
60%
Cellar Homer
60%
Caves Jim
60%
Depths King
60%
Cellar Marge
60%
Caves Pale Limb
60%
Utero Peepee
60%
Gehenna Pitchfork Hitcher
60%
Caves Poople
60%
Ashpit Prick
60%
Caves Red Smidgen
60%
Cellar Ring Skuzz
60%
Corpse Rotskull
60%
Catacombs Sackboy
60%
Cellar Skuzz
60%
Dank Depths Skuzzball
60%
Dank Depths Small Skuzzball
60%
Caves Smidgen
60%
Cellar Sticky Sack
60%
Corpse Torment
60%
Depths Toxic Knight
60%
Corpse Whale Guts
60%
Mines Anode
40%
Mines Anti Golem
40%
Cellar Baby Spider
40%
Caves Balor
40%
Necropolis Baro
40%
Gehenna Bead Fly
40%
Cellar Beeter
40%
Basement Benign
40%
Ashpit Briar
40%
Flooded Caves Bubble Blowing Double Baby
40%
Downpour Buckethead
40%
Ascent Buckshot
40%
Gehenna Bull
40%
Basement Butt Fly
40%
Necropolis Calzone
40%
Basement Casualty
40%
Caves Centipede
40%
Miscellaneous Charmed Litter Bug
40%
Corpse Coconut
40%
Cellar Crotchety
40%
Downpour Deathany
40%
Cellar Dim
40%
Flooded Caves Dolphin
40%
Sheol Doomer
40%
Flooded Caves Dribble
40%
Depths Dungeon Master
40%
Caves Dweller
40%
Caves Edema
40%
Miscellaneous Elite Jon
40%
Mausoleum Empath
40%
Flooded Caves Eroded Host
40%
Flooded Caves Eroded Smidgen
40%
Caves Fishaac
40%
Womb Forgotten Fetus
40%
Miscellaneous Fossil
40%
Flooded Caves Frog
40%
Miscellaneous Full Spider
40%
Necropolis Gary
40%
Mines Glob
40%
Cellar Haunted
40%
Depths Hollow Knight
40%
Cathedral Holy Clotty
40%
Cellar Honeydrip
40%
Caves Hooligan
40%
Scarred Womb Incisor
40%
Corpse Large Conglobberate
40%
Dank Depths Litter Bug
40%
Miscellaneous Lonely Knight
40%
Mausoleum Looksee
40%
Mausoleum Lunksack
40%
Mausoleum Madhat
40%
Ascent Mag Gaper
40%
Catacombs Mama Pooter
40%
Downpour Mayfly
40%
Gehenna Maze Runner
40%
Caves Meatwad
40%
Corpse Medium Conglobberate
40%
Ascent Missing Link
40%
Necropolis Molar System
40%
Mausoleum Nihilist
40%
Flooded Caves Offal
40%
Downpour Onlyfan
40%
Mausoleum Pale Clotty
40%
Mausoleum Pale Gaper
40%
Mausoleum Pale Gusher
40%
Mausoleum Pale Horf
40%
Depths Pawn
40%
Basement Pester
40%
Necropolis Possessed
40%
Basement Potluck
40%
Sheol Psiling
40%
Sheol Psionic Knight
40%
Sheol Psleech
40%
Mausoleum Psyclopia
40%
Womb Quack
40%
Caves Ramblin' Evil Mushroom
40%
Dark Room Red Hand
40%
Caves Resident
40%
Gehenna Ripcord
40%
Caves Roly Poly
40%
Corpse Sagging Spit
40%
Utero Sagging Sucker
40%
Depths Scoop
40%
Depths Scythe Rider
40%
Caves Shiitake
40%
Dross Shottie
40%
Dank Depths Slimer
40%
Corpse Small Conglobberate
40%
Depths Smasher
40%
Caves Snagger
40%
Catacombs Sourpatch
40%
Catacombs Sourpatch Body
40%
Burning Basement Spitroast
40%
Necropolis Splodum
40%
Cellar Spoop
40%
Basement Square Fly
40%
Necropolis Sternum
40%
Gehenna Super Shottie
40%
Basement Tall Boi
40%
Miscellaneous Ticking Fly
40%
Necropolis Unpawtunate
40%
Cellar Walking Sticky Sack
40%
Cathedral Warden
40%
Cathedral Watcher
40%
Corpse Weeper
40%
Corpse Wheezer
40%
Basement Wimpy
40%
Burning Basement Woodburner
40%
Downpour Zephyr
40%
Ashpit Ztewie
40%
Ascent Accursed
20%
Mausoleum Alderman
20%
Mausoleum Alfil
20%
Flooded Caves Anemone
20%
Gehenna Apega
20%
Gehenna Aper
20%
Flooded Caves Aquabab
20%
Downpour Archer
20%
Ashpit Ashtray
20%
Depths Banshee
20%
Ascent Beacon
20%
Downpour Bellow
20%
Corpse Benny
20%
Burning Basement Big Smoke
20%
Utero Bladder
20%
Mines Blastcore
20%
Basement Bleeder
20%
Utero Bola
20%
Necropolis Bone Worm
20%
Cellar Brood
20%
Basement Bumbler
20%
Catacombs Bunch
20%
Dank Depths Bunkter
20%
Downpour Buoy
20%
Mines Cairn
20%
Corpse Cancer Boy
20%
Mines Cappin
20%
Dross Catfish
20%
Dross Cathy
20%
Sheol Cauldron
20%
Burning Basement Chili
20%
Womb Chops
20%
Womb Chummer
20%
Caves Chunky
20%
Mausoleum Clergy
20%
Ashpit Clickety Clash
20%
Dank Depths Clogmo
20%
Mines Coalby
20%
Dross Coloscope
20%
Burning Basement Commission
20%
Cathedral Congression
20%
Dross Connipshit
20%
Scarred Womb Contestant
20%
Necropolis Cracker
20%
Catacombs Creepy Maggot
20%
Dross Croca
20%
Sheol Crosseyes
20%
Mines Crucible
20%
Miscellaneous Custom Moter
20%
Necropolis Dangler
20%
Dross Delinquent
20%
Catacombs Desirer
20%
Ascent Dizzy
20%
Scarred Womb Dogmeat
20%
Cathedral Dogrock
20%
Dross Dollop
20%
Necropolis Doom Fly
20%
Dank Depths Dope's Head
20%
Flooded Caves Drainfly
20%
Sheol Dread Maw
20%
Mines Drillbit
20%
Womb Drooler
20%
Corpse Droolie
20%
Catacombs Dr. Shambles
20%
Basement Drumstick
20%
Ashpit Dry Wheeze
20%
Caves Dweller Brother
20%
Cathedral Effigy
20%
Depths Eternal Flickerspirit
20%
Caves Fathead
20%
Ashpit Fishfreak
20%
Dross Fishy
20%
Depths Flagpole
20%
Scarred Womb Flailer
20%
Depths Flanks
20%
Ashpit Flesh Sistren
20%
Catacombs Flickerspirit
20%
Caves Foamy
20%
Womb Foe
20%
Necropolis Fracture
20%
Corpse Frayed Nerve
20%
Caves Frowny
20%
Mines Fuego
20%
Burning Basement Fumegeist
20%
Dank Depths Furnace
20%
Gehenna Gabber
20%
Gehenna Gamper
20%
Dank Depths Gis
20%
Downpour Glass Eye
20%
Caves Globlet
20%
Womb Globscraper
20%
Womb Glorf
20%
Depths Gnawful
20%
Dank Depths Gob
20%
Dank Depths Grater
20%
Necropolis Gravin
20%
Mines Grazer
20%
Mausoleum Grievance
20%
Mines Grilled Chunky
20%
Mines Grilled Meatwad
20%
Mausoleum Grimoire
20%
Dank Depths Guflush
20%
Dank Depths Gunk
20%
Gehenna Gutter
20%
Ashpit Hangman
20%
Ascent Harley
20%
Scarred Womb Head Honcho
20%
Caves Hoster
20%
Utero Hostlet
20%
Caves Infected Mushroom
20%
Flooded Caves Isopoly
20%
Utero Jammed
20%
Corpse Knot
20%
Ashpit Krass Blaster
20%
Gehenna Kukodemon
20%
Flooded Caves Lightning Fly
20%
Womb Lil Al
20%
Necropolis Lil' Jon
20%
Scarred Womb Lipoma
20%
Burning Basement Litling
20%
Depths Load
20%
Basement Loafer
20%
Cathedral Looker
20%
Corpse Lurker
20%
Ascent Mag Clotty
20%
Ascent Mag Horf
20%
Corpse Marzlammer
20%
Catacombs Menace
20%
Downpour Mightfly
20%
Caves Milk Tooth
20%
Downpour Mini-Min
20%
Depths Mistmonger
20%
Necropolis Moaner
20%
Utero Mobile Blood Cell
20%
Caves Mobile Mushroom
20%
Corpse Molargan
20%
Miscellaneous Mold
20%
Corpse Molly
20%
Burning Basement Mote
20%
Womb Motor Neuron
20%
Scarred Womb Mouthful
20%
Necropolis Mr. Bones
20%
Burning Basement Mr. Flare
20%
Dank Depths Mr. Gob
20%
Catacombs Mr. Gurgle
20%
Basement Mr. Horf
20%
Basement Mr. Red Horf
20%
Downpour Mr. Sub Horf
20%
Burning Basement Mullikaboom
20%
Ascent Murmur
20%
Corpse Musk
20%
Corpse Nematode
20%
Womb Neonate
20%
Gehenna Nobody
20%
Mines Nubert
20%
Catacombs Ogre Creep
20%
Utero Onlooker
20%
Corpse Oralid
20%
Ashpit Ossularry
20%
Sheol Outlier
20%
Depths Patzer
20%
Utero Peepling
20%
Ashpit Phoenix
20%
Mines Pillar John
20%
Dank Depths Piper
20%
Dank Depths Pitcher
20%
Womb Plexus
20%
Basement Poobottle
20%
Scarred Womb Pox
20%
Cathedral Primemind
20%
Mausoleum Psychoknight
20%
Womb Punted
20%
Ashpit Pyroclasm
20%
Corpse Quitter
20%
Catacombs Ragurge
20%
Ascent Really Tall Boi
20%
Ascent Reaper
20%
Womb Redema
20%
Basement Red Horf
20%
Utero Red Hostlet
20%
Utero Red Jammed
20%
Necropolis Ring of Ring Flies
20%
Corpse Rotdrink
20%
Corpse Rotspin
20%
Ascent Roy Geralt Dericott II
20%
Mines Rufus
20%
Catacombs Scope Creep
20%
Catacombs Seducer
20%
Cathedral Seeker
20%
Miscellaneous Sentry
20%
Miscellaneous Sentry Shell
20%
Cellar Shirk
20%
Basement Shitling
20%
Dross Shitty Horf
20%
Basement Shoter
20%
Basement Shot Fly
20%
Catacombs Shrunken Head
20%
Mines Sizzle
20%
Downpour Skipper
20%
Ashpit Skitter Skull
20%
Mausoleum Skulltist
20%
Dank Depths Slag
20%
Depths Sleeper
20%
Basement Slobber
20%
Dank Depths Sludge Host
20%
Burning Basement Smogger
20%
Burning Basement Smokin
20%
Burning Basement S'More
20%
Catacombs Sniffle
20%
Depths Soft Serve
20%
Catacombs Sourpatch Head
20%
Mines Spanky
20%
Womb Spicy Dip
20%
Catacombs Spinneretch
20%
Cellar Spooter
20%
Flooded Caves Squid
20%
Mines Stalagnaught
20%
Scarred Womb Starving
20%
Depths Stoney Slammer
20%
Depths Striker
20%
Womb Strobila
20%
Caves Stump
20%
Depths Sundae
20%
Mines Super Grimace
20%
Cellar Super Spooter
20%
Catacombs Tado Kid
20%
Gehenna Tagbag
20%
Downpour Tango
20%
Basement Tap
20%
Mines Technician
20%
Depths Thousand Eyes
20%
Womb Thread
20%
Mines Thumper
20%
Gehenna Thwammy
20%
Necropolis Tombit
20%
Corpse Tommy
20%
Dank Depths Toxic Litter Bug
20%
Burning Basement Trailblazer
20%
Dank Depths Trashbagger
20%
Utero Utero Pillar
20%
Scarred Womb Vacuole
20%
Depths Viscerspirit
20%
Flooded Caves Volt
20%
Depths Wailer
20%
Catacombs Warhead
20%
Cathedral Watcher Eye
20%
Basement Weaver
20%
Caves Weaver Sr.
20%
Flooded Caves Wetstone
20%
Burning Basement Wick
20%
Womb Womb Pillar
20%
Cellar Yawner
20%
Mausoleum Zealot
20%
Cellar Zingling
20%
Mausoleum Zissuru
20%
Mausoleum Acolyte
0%
Downpour Aleya
0%
Mausoleum Arcane Creep
0%
Cathedral Armoured Looker
0%
Utero Astroskull
0%
Ashpit Beebee
0%
Womb Berry
0%
Depths Blare
0%
Ashpit Blasted
0%
Sheol Blazer
0%
Sheol Blistered Umbra
0%
Dank Depths Blot
0%
Dank Depths Boiler
0%
Ashpit Bombmuncher
0%
Basement Bowler Ball
0%
Burning Basement Brisket
0%
Scarred Womb Brooter
0%
Flooded Caves Bubble Bat
0%
Downpour Bubby
0%
Caves Bunker Worm
0%
Corpse Cancerlet
0%
Necropolis Carrier
0%
Ashpit Casted
0%
Scarred Womb Cellulitis
0%
Burning Basement Charlie
0%
Cathedral Cherub
0%
Cathedral Cherubskull
0%
Cathedral Chorister
0%
Flooded Caves Cistern
0%
Flooded Caves Clam
0%
Cellar Coby
0%
Catacombs Colonel
0%
Utero Cordend
0%
Caves Cordify
0%
Caves Cordy
0%
Depths Corn Load
0%
Mines Coupile
0%
Womb Craterface
0%
Necropolis Creepterum
0%
Necropolis Crepitus
0%
Downpour Cuffs
0%
Scarred Womb Curdle
0%
Downpour Cushion
0%
Gehenna Dangerous Disc
0%
Cathedral Deadfly
0%
Downpour Dewdrop
0%
Corpse Diagetic
0%
Gehenna Discy
0%
Sheol Dread Weaver
0%
Ashpit Dried Offal
0%
Basement Drink Worm
0%
Catacombs Drunk Worm
0%
Sheol Eclipse
0%
Cathedral Enlightened
0%
Gehenna Eye of Shaggoth
0%
Caves Eyesore
0%
Ashpit Fireswirl
0%
Flooded Caves Fishface
0%
Burning Basement Flamin
0%
Ashpit Flinty
0%
Downpour Floaty
0%
Flooded Caves Floodface
0%
Corpse Foetu
0%
Corpse Foetus
0%
Sheol Foreseer
0%
Caves Fossilized Boom Fly
0%
Burning Basement Fried
0%
Caves Gander
0%
Flooded Caves Geyser
0%
Scarred Womb Gleek
0%
Flooded Caves Globulon
0%
Womb Globwad
0%
Dank Depths Gobhopper
0%
Mines Golden Fly Bomb
0%
Dank Depths Gorger
0%
Ashpit Gritty
0%
Flooded Caves Gutbuster
0%
Corpse Gut Knight
0%
Gehenna Haemo
0%
Womb Harletwin
0%
Miscellaneous Haunch
0%
Utero Heartbeat
0%
Gehenna Hitcher's Pitchfork
0%
Cathedral Holy Wobbles
0%
Cellar Honey Eye
0%
Cellar Hover
0%
Downpour Ignis
0%
Womb Immural
0%
Cathedral Inner Eye
0%
Necropolis Jawbone
0%
Gehenna Lurch
0%
Flooded Caves Madclaw
0%
Utero Magleech
0%
Gehenna Manic Fly
0%
Ashpit Marlin
0%
Catacombs Matte
0%
Dank Depths Melty
0%
Utero Minimoon
0%
Mausoleum Morvid
0%
Catacombs Mothman
0%
Burning Basement Mr. Crisply
0%
Basement Mutant Horf
0%
Scarred Womb Myiasis
0%
Scarred Womb Nailhead
0%
Cellar Nanny Long Legs
0%
Dross Necrotic
0%
Scarred Womb Nerve Cluster
0%
Flooded Caves Nimbus
0%
Womb Nuchal
0%
Sheol Observer
0%
Corpse Oralopede
0%
Utero Organelle
0%
Caves Pale Bleeder
0%
Depths Pale Loafer
0%
Flooded Caves Panini
0%
Depths Peek-a-boo
0%
Dross Pipeneck
0%
Burning Basement Powderkeg
0%
Mausoleum Psycho Fly
0%
Sheol Psyeg
0%
Mausoleum Psystalk
0%
Flooded Caves Puffer
0%
Gehenna Punisher
0%
Corpse Putrefatty
0%
Mines Quaker
0%
Mausoleum Rancor
0%
Cellar Ransacked
0%
Dross Residuum
0%
Utero Retch
0%
Necropolis Ribbone
0%
Necropolis Ribeye
0%
Depths Rider's Scythe
0%
Downpour Rift Walker
0%
Downpour Ring Leader
0%
Mines Roasty
0%
Gehenna Scowl Creep
0%
Flooded Caves Sea Cucumber
0%
Gehenna Sensory Grimace
0%
Mausoleum Shaker
0%
Ashpit Shellmet
0%
Mines Shock Collar
0%
Mausoleum Sixth
0%
Caves Slick
0%
Sheol Sombra
0%
Burning Basement Sooty
0%
Burning Basement Spark
0%
Cathedral Specturn
0%
Mines Speleo
0%
Catacombs Spider Egg
0%
Utero Spinning Blood Cell
0%
Necropolis Spinny
0%
Ashpit Spiroll
0%
Catacombs Spitum
0%
Caves Splattercap
0%
Corpse Spoilie
0%
Flooded Caves Sponge
0%
Depths Spook
0%
Dank Depths Squidge
0%
Depths Squire
0%
Corpse Steralis
0%
Cellar Stingler
0%
Mausoleum Stolas
0%
Dross Stomy
0%
Depths Striker Ball
0%
Dank Depths Tar Bubble
0%
Depths Temper
0%
Sheol Thrall
0%
Utero Tittle
0%
Corpse Toma Chunk
0%
Womb Toothache
0%
Catacombs Tot
0%
Utero Trickle
0%
Downpour Tricko
0%
Flooded Caves Tubby
0%
Sheol Umbra
0%
Cathedral Unenlightened
0%
Dross Unshornz
0%
Utero Valvo
0%
Womb Warble
0%
Flooded Caves Warty
0%
Dross Wasty
0%
Flooded Caves Wire
0%
Caves Wobbles
0%
Flooded Caves Zapbladder
0%
Catacombs Zingy
0%
No matching quizzes found
Score Distribution
Percent of People with Each Score
Percentile by Number Answered
Your Score History
You have not taken this quiz